Nādirā. (Record no. 87848)

MARC details
000 -LEADER
fixed length control field 00516cam a22002171 4500
001 - CONTROL NUMBER
control field sa 68017641
003 - CONTROL NUMBER IDENTIFIER
control field DLC
005 - DATE AND TIME OF LATEST TRANSACTION
control field 20260227112704.0
008 - FIXED-LENGTH DATA ELEMENTS--GENERAL INFORMATION
fixed length control field 890711s1968 ii 000 0 hino
010 ## - LIBRARY OF CONGRESS CONTROL NUMBER
LC control number sa 68017641
035 ## - SYSTEM CONTROL NUMBER
System control number (OCoLC)19991139
040 ## - CATALOGING SOURCE
Original cataloging agency DLC
Transcribing agency WaU
Modifying agency DLC
042 ## - AUTHENTICATION CODE
Authentication code premarc
050 00 - LIBRARY OF CONGRESS CALL NUMBER
Classification number PK2098.K6
Item number N3
100 1# - MAIN ENTRY--PERSONAL NAME
Personal name Koushal, Ganga Prasad,
Dates associated with a name 1923-
245 10 - TITLE STATEMENT
Title Nādirā.
260 ## - PUBLICATION, DISTRIBUTION, ETC.
Date of publication, distribution, etc. 1968.
300 ## - PHYSICAL DESCRIPTION
Extent 46 p.
Dimensions 19 cm.
500 ## - GENERAL NOTE
General note In Hindi.
600 00 - SUBJECT ADDED ENTRY--PERSONAL NAME
Personal name Anārkalī,
Dates associated with a name -1599
Form subdivision Drama.

No items available.

Powered by Koha